Missing Word: Beatlemania Quiz Stats

 Plays Quiz Updated Jan 16, 2015

Score 0/19 Timer 03:00
2 Plays Today
TITLE WORD % Correct
Ticket __ Rideto
96.5%
___ You Need Is Loveall
96.2%
Sgt. Pepper's Lonely Hearts Club ____band
95.6%
Strawberry Fields _______forever
93.4%
_______ Mystery Tourmagical
91.1%
____ A Little Help From My Friendswith
90.4%
She ____ In Through The Bathroom Windowcame
87.3%
The ______ of John And Yokoballad.
80%
Come ________together,
77.5%
_____ My Cardrive
74.9%
TITLE WORD % Correct
Two Of __us
72.5%
______ Ritalovely
64.6%
____ BoyThis
47.3%
___ Your Bird Can Singand
44.3%
You Know My Name (Look Up The ______)number
38.1%
____ A Northern Songonly
29.2%
Yer _____blues
29%
_____ Little Thingevery
28.1%
____ Honey Piewild
26.6%

Today's Daily Dose

Missing Word
Twenty One Pilots

Word Ladder
Van Halen Song

Quick Pick
'P' Literature

You're not logged in!

Compare scores with friends on all Sporcle quizzes.
OR
Log In

Show Comments

Extras

Top Quizzes Today


Score Distribution

Your Account Isn't Verified!

In order to create a playlist on Sporcle, you need to verify the email address you used during registration. Go to your Sporcle Settings to finish the process.

Report this User

Report this user for behavior that violates our Community Guidelines.

Details: